00763nas a2200217Ia 4500001001100000003000900011008004100020040001300061040001300074041001300087100004800100210003700148222003700185245011300222250001100335260002600346501008600372300001700458362002700475650004300502R111/44666IT-RoPAU151124c99999999xx |||||||||||| ||und|| aIT-RoPAU cIT-RoPAU aITALIANO aFerrarotti FrancogCodice Aut. SPICS: 6706 aCOMUNICAZIONE DI MASSA (SUGARCO) aComunicazione Di Massa (Sugarco) aCOMUNICAZIONE DI MASSA (SUGARCO), ANNO 03-VOL.1 (1982)bLettera Aperta di Mcluhan Agli Intellettuali Europei a1a ed. aMILANObSUGARCOc1982 bPaulus - SPICS - Società San Paolo EM (non-commercial uses only)cCopyright2015 a5 p. [43-47] aANNO 003, VOL.1 (1982) aCOMUNICAZIONEvPUBBLICAZIONE PERIODICA